[Event "Lisbon Portugal rapid op"]
[Site "Lisbon"]
[Date "2022.09.03"]
[Round "3"]
[White "Garcia Romero, Benjamin Abel"]
[Black "Faryma, Matviy"]
[Result "1-0"]
[WhiteElo "2205"]
[BlackElo "1659"]
[PlyCount "163"]
[EventDate "2022.09.03"]
[EventType "swiss (rapid)"]
[EventRounds "11"]
[EventCountry "POR"]
[SourceTitle "CBM 210 Extra"]
[Source "ChessBase"]
[SourceDate "2022.11.30"]
[SourceVersion "1"]
[SourceVersionDate "2022.11.30"]
[SourceQuality "1"]

1. d4 Nf6 2. Nf3 e6 3. c4 b6 4. a3 Be7 5. Nc3 Bb7 6. Qc2 d5 7. cxd5 exd5 8. Bf4 c6 9. e3 0-0 10. Be2 Nbd7 11. Rc1 Rc8 12. Qf5 Re8 13. 0-0 Nf8 14. Ne5 Ng6 15. Bg3 Bd6 16. Rfd1 Qe7 17. Nxg6 hxg6 18. Bxd6 Qxd6 19. Qg5 Ne4 20. Nxe4 Rxe4 21. Bf3 Re7 22. Rc3 Rce8 23. b4 a6 24. Rdc1 Qf6 25. Qg3 Qxd4 26. Be2 Qf6 27. Bf1 d4 28. exd4 Qxd4 29. Rd3 Qe4 30. Re3 Qd5 31. Rxe7 Rxe7 32. Qb8+ Kh7 33. Rc3 g5 34. Rh3+ Kg6 35. Qh8 f5 36. Qh5+ Kf6 37. Rd3 Qe5 38. h4 gxh4 39. Qxh4+ Kf7 40. Re3 Qf6 41. Bc4+ Ke8 42. Qh8+ Qf8 43. Qh5+ Kd7 44. Rxe7+ Kxe7 45. Qg5+ Qf6 46. Qe3+ Kf8 47. Qxb6 Qe7 48. Kf1 Qd6 49. f3 Qd1+ 50. Kf2 Qd2+ 51. Be2 Qd7 52. Qc5+ Ke8 53. Qe5+ Kd8 54. Qb8+ Qc8 55. Qd6+ Qd7 56. Qb8+ Qc8 57. Qe5 Qd7 58. Kg3 Bc8 59. f4 Qf7 60. Qd4+ Qd7 61. Qb6+ Qc7 62. Qxc7+ Kxc7 63. Kh4 Kd6 64. Kg5 c5 65. bxc5+ Kxc5 66. Bd3 Kd4 67. Bxf5 Bb7 68. g4 Ke3 69. Bd7 a5 70. Kf5 Be4+ 71. Ke5 Bc2 72. f5 Bb3 73. f6 gxf6+ 74. Kxf6 Kf4 75. Bf5 Ke3 76. g5 Kd4 77. g6 Bg8 78. Be6 Bxe6 79. Kxe6 Kc3 80. g7 Kb3 81. g8Q Kxa3 82. Qb8 1-0